[Event "AUT chT"]
[Site "2. Bundesliga Mitte 2003/04"]
[Date "2004.02.01"]
[Round "6"]
[White "Rossi, Carlo"]
[Black "Petschar, Kurt"]
[Result "1-0"]
[WhiteElo "2355"]
[BlackElo "2272"]
[PlyCount "145"]
[EventDate "2003.??.??"]

1. e4 c5 2. Nf3 Nc6 3. Bb5 e6 4. O-O Nge7 5. Re1 a6 6. Bf1 d5 7. exd5 Nxd5 8.
d3 Be7 9. g3 O-O 10. Nbd2 f6 11. a4 e5 12. Nc4 b6 13. c3 Bg4 14. Bg2 Rb8 15.
Qb3 Be6 16. Qc2 Qd7 17. Nfd2 Rfd8 18. Ne4 h6 19. Qb1 f5 20. Ned2 Bf6 21. Nb3 a5
22. Nbd2 Nde7 23. Bf1 Ng6 24. Qc2 Rf8 25. Ra3 Bd8 26. Ra1 Bc7 27. Na3 Rbe8 28.
Nb5 Bd8 29. Bg2 Bd5 30. f3 Qf7 31. Nd6 Qd7 32. Nxe8 Rxe8 33. Nc4 Rf8 34. Bd2 f4
35. Rf1 Bc7 36. Rae1 h5 37. Bc1 Qf5 38. Nd2 fxg3 39. hxg3 h4 40. g4 Qf7 41. Ne4
Bb3 42. Qe2 Bxa4 43. Ng5 Qf6 44. Qe4 Bb3 45. f4 exf4 46. Qxc6 Qxg5 47. Bh3 Bd8
48. Re8 Rxe8 49. Qxe8+ Kh7 50. Qe4 Bd5 51. Qf5 Qxf5 52. gxf5 Ne5 53. d4 cxd4
54. cxd4 Nf3+ 55. Kf2 Nxd4 56. Bxf4 Bb3 57. Be5 Nc6 58. Bc3 b5 59. Bg2 b4 60.
Bxc6 bxc3 61. bxc3 Bf6 62. Rh1 Kh6 63. Ke3 Kg5 64. Bd7 Bxc3 65. Rg1+ Kh6 66.
Rg6+ Kh7 67. Ra6 Bc4 68. Rc6 Bb5 69. Rxc3 Bxd7 70. Kf4 Kh6 71. Rc7 Be8 72. Rc8
Bd7 73. Rh8# 1-0

[Event "AUT chT"]
[Site "2. Bundesliga Mitte 2003/04"]
[Date "2004.11.??"]
[Round "6"]
[White "Seifert, Volker"]
[Black "Hellmayr, Alois"]
[Result "1-0"]
[WhiteElo "2278"]
[BlackElo "2284"]
[PlyCount "140"]
[EventDate "2003.??.??"]

1. d4 Nf6 2. c4 e6 3. Nc3 Bb4 4. Qc2 c5 5. dxc5 Qc7 6. Nf3 Bxc5 7. Bg5 a6 8. e3
Be7 9. Be2 d6 10. O-O b6 11. Rfd1 Bb7 12. Rd2 Nbd7 13. Rad1 O-O 14. Bf4 Ne5 15.
Nxe5 dxe5 16. Bg3 Rac8 17. a3 h6 18. Qb1 Rfd8 19. Rxd8+ Bxd8 20. b4 Be7 21. Qb3
Kf8 22. f3 Ke8 23. Kh1 Kf8 24. e4 Rd8 25. Bf2 Rxd1+ 26. Qxd1 Nd7 27. Na4 Bc6
28. Qc2 Bb7 29. Bd3 Kg8 30. h3 Kf8 31. Qb1 Bc6 32. Qc2 Bb7 33. Bg1 Ke8 34. Qf2
Bd8 35. c5 bxc5 36. Nxc5 Nxc5 37. Qxc5 Qxc5 38. Bxc5 f6 39. Bc4 Kf7 40. Kg1 Be7
41. Bb6 Bd6 42. Kf2 Ke7 43. Ke2 Kd7 44. Kd2 Kc6 45. Be3 Bc8 46. Kc3 Be7 47. a4
Bd6 48. b5+ axb5 49. Bxb5+ Kc7 50. a5 Bb7 51. Bb6+ Kc8 52. a6 Ba8 53. Be8 g5
54. Kc4 Ba3 55. Kb5 f5 56. a7 fxe4 57. fxe4 h5 58. Bc6 Bb7 59. a8=Q+ Bxa8 60.
Bxa8 Kd7 61. Bc5 Bc1 62. Bc6+ Kc7 63. Be8 h4 64. Bh5 Bf4 65. Bg4 Kd7 66. Kb6
Bc1 67. Kb7 Bd2 68. Bf2 Ke8 69. Kc6 Kf7 70. Kd7 Bc1 1-0

[Event "AUT chT"]
[Site "2. Bundesliga Mitte 2003/04"]
[Date "2004.11.??"]
[Round "6"]
[White "Smole, Albert"]
[Black "Titz, Heimo"]
[Result "0-1"]
[WhiteElo "2173"]
[BlackElo "2295"]
[PlyCount "130"]
[EventDate "2003.??.??"]

1. e4 c5 2. Nf3 d6 3. d4 cxd4 4. Nxd4 Nf6 5. Nc3 Nc6 6. g3 Bd7 7. Bg2 g6 8. O-O
Bg7 9. Nce2 O-O 10. h3 Rc8 11. Be3 Qc7 12. Rc1 Nxd4 13. Nxd4 e5 14. Ne2 Bc6 15.
Nc3 b5 16. Qd3 a6 17. a3 Rfd8 18. Rfd1 Qb7 19. Bg5 h6 20. Bxf6 Bxf6 21. h4 a5
22. Nd5 Bxd5 23. Qxd5 Qb6 24. b4 Rc3 25. bxa5 Qxa5 26. Bf1 Qxa3 27. Ra1 Qc5 28.
Qxc5 Rxc5 29. Ra6 Rxc2 30. Bxb5 Be7 31. Bc6 Rb8 32. Ra8 Rxa8 33. Bxa8 Kg7 34.
Ra1 Bd8 35. Ra6 Rb2 36. Ra1 Bb6 37. Rf1 Rd2 38. g4 f5 39. gxf5 gxf5 40. exf5
Kf6 41. Kg2 Kxf5 42. Kg3 d5 43. f3 Be3 44. Rh1 Bf2+ 45. Kg2 Bxh4+ 46. Kh3 Bg5
47. Bc6 Be3 48. Kh4 Bf4 49. Kh5 Ke6 50. Bb7 Rg2 51. Ra1 Kd6 52. Ra6+ Kc5 53.
Rc6+ Kb5 54. Rd6 d4 55. Be4 Rh2+ 56. Kg6 Kb4 57. Kf5 Kc3 58. Ra6 h5 59. Ra7 h4
60. Kg4 h3 61. Ra3+ Kb2 62. Ra7 Rh1 63. Rb7+ Kc3 64. Rc7+ Kb4 65. Rh7 h2 0-1

[Event "AUT chT"]
[Site "2. Bundesliga Mitte 2003/04"]
[Date "2004.11.??"]
[Round "6"]
[White "Taggatz, Mario"]
[Black "Uhlmann, Wolfgang"]
[Result "1/2-1/2"]
[WhiteElo "2230"]
[BlackElo "2433"]
[PlyCount "33"]
[EventDate "2003.??.??"]

1. Nf3 Nf6 2. c4 c5 3. Nc3 g6 4. d4 cxd4 5. Nxd4 Nc6 6. e4 d6 7. Be2 Nxd4 8.
Qxd4 Bg7 9. Be3 O-O 10. Qd2 Be6 11. O-O Qa5 12. Rfc1 Rfc8 13. b3 a6 14. Rab1
Qd8 15. f3 Nd7 16. Nd5 Bxd5 17. cxd5 1/2-1/2

[Event "AUT chT"]
[Site "2. Bundesliga Mitte 2003/04"]
[Date "2004.11.??"]
[Round "6"]
[White "Timoscenko, Genadij"]
[Black "Renner, Christoph"]
[Result "1/2-1/2"]
[WhiteElo "2501"]
[BlackElo "2401"]
[PlyCount "94"]
[EventDate "2003.??.??"]

1. d4 f5 2. e4 fxe4 3. Nc3 Nf6 4. Bg5 g6 5. f3 exf3 6. Nxf3 Bg7 7. Bc4 c6 8.
Qd2 d5 9. Bd3 O-O 10. O-O-O Bg4 11. Rde1 Nbd7 12. Nh4 e6 13. h3 Bf5 14. Nxf5
exf5 15. g4 fxg4 16. hxg4 Rf7 17. Rh4 Nf8 18. Reh1 Qd7 19. Qg2 Re8 20. Bd2 Ree7
21. g5 Ne8 22. Qh2 Bh8 23. Ne2 Nd6 24. Bb4 Nf5 25. Bxf5 Rxf5 26. Bxe7 Qxe7 27.
Kd1 Rxg5 28. Rf1 Bg7 29. Rhf4 Qb4 30. a3 Qxb2 31. Rxf8+ Bxf8 32. Rxf8+ Kxf8 33.
Qh6+ Kg8 34. Qxg5 Qxa3 35. Qd8+ Qf8 36. Qc7 Qf7 37. Qb8+ Kg7 38. Qxa7 h5 39.
Qb8 g5 40. Qe5+ Kg6 41. Ke1 h4 42. Qh8 Qe6 43. Kd2 Qf6 44. Qe8+ Qf7 45. Qc8 Kh5
46. Qh8+ Kg4 47. Qc8+ Kh5 1/2-1/2

[Event "AUT chT"]
[Site "2. Bundesliga Mitte 2003/04"]
[Date "2004.11.??"]
[Round "6"]
[White "Tober, Gerhard"]
[Black "Wasl, Ernst"]
[Result "1-0"]
[WhiteElo "2278"]
[BlackElo "2171"]
[PlyCount "127"]
[EventDate "2003.??.??"]

1. e4 e6 2. d4 d5 3. Nc3 Bb4 4. Nge2 dxe4 5. a3 Bxc3+ 6. Nxc3 Nc6 7. Bb5 Nge7
8. Bg5 f6 9. Be3 f5 10. Qh5+ g6 11. Qh6 Kf7 12. O-O-O Ng8 13. Qf4 g5 14. Qxg5
Qxg5 15. Bxg5 Nce7 16. Rhf1 c6 17. Be2 Nf6 18. f3 exf3 19. Bxf3 h5 20. h3 h4
21. Ne2 Bd7 22. Bd2 Rad8 23. Nf4 Bc8 24. c3 c5 25. Be3 c4 26. Rde1 Ned5 27. Bd2
Nxf4 28. Bxf4 Nd5 29. Bd2 b5 30. Re5 a5 31. Rfe1 Rd6 32. Bg5 Kg6 33. Bd2 Kf7
34. Rf1 Bd7 35. Rf2 Ra8 36. Bg5 Rh8 37. Kd1 Kg6 38. Bd2 Ra8 39. Bxd5 Rxd5 40.
Rfxf5 Rxe5 41. Rxe5 a4 42. Rg5+ Kf7 43. Ke2 Rh8 44. Be1 Kf6 45. Rg4 e5 46. Rxh4
Rg8 47. dxe5+ Kxe5 48. g3 Bf5 49. Bd2 Bd3+ 50. Kf3 Kd5 51. Rh5+ Kc6 52. Bf4 Re8
53. Re5 Rxe5 54. Bxe5 Kd5 55. Kf4 Ke6 56. g4 Be2 57. Bd4 Bf1 58. h4 Be2 59. h5
Kf7 60. Kg5 Kg8 61. Kh4 Kf7 62. g5 Ke6 63. g6 Bd3 64. Kg5 1-0

[Event "AUT chT"]
[Site "2. Bundesliga Mitte 2003/04"]
[Date "2004.11.??"]
[Round "6"]
[White "Tratar, Marko"]
[Black "Manca, Federico"]
[Result "1-0"]
[WhiteElo "2455"]
[BlackElo "2358"]
[PlyCount "103"]
[EventDate "2003.??.??"]

1. Nf3 d5 2. d4 c5 3. c4 e6 4. cxd5 exd5 5. g3 Nf6 6. Bg2 Be7 7. O-O O-O 8. Nc3
Nc6 9. Bg5 cxd4 10. Nxd4 h6 11. Be3 Re8 12. Qa4 Bd7 13. Rfd1 Na5 14. Qc2 Rc8
15. Nf5 Be6 16. Bd4 Bc5 17. Bxc5 Rxc5 18. Nd4 Qc8 19. Rac1 Nc6 20. Nxe6 fxe6
21. Qd2 Ne5 22. b3 Re7 23. Nb5 b6 24. f4 Nf7 25. Nd4 e5 26. fxe5 Nxe5 27. Rf1
Rxc1 28. Qxc1 Rc7 29. Qf4 Ng6 30. Qd6 Rc1 31. Bxd5+ Kh7 32. Bf3 Qc3 33. Rxc1
Qxc1+ 34. Kf2 Qd2 35. Nf5 Qc2 36. g4 Ne4+ 37. Bxe4 Qxe4 38. Qc7 Qe5 39. Qxe5
Nxe5 40. h3 Kg6 41. Nd4 h5 42. Nf3 Nc6 43. Ke3 Nb4 44. gxh5+ Kxh5 45. a4 Kg6
46. Ke4 Kf6 47. Nd4 g5 48. Nb5 a5 49. Nd4 Kg6 50. Ke5 Kh5 51. Kd6 Kh4 52. e4
1-0

[Event "AUT chT"]
[Site "2. Bundesliga Mitte 2003/04"]
[Date "2004.02.01"]
[Round "7"]
[White "Baumgartner, Heinz"]
[Black "Kranzl, Peter"]
[Result "1-0"]
[WhiteElo "2345"]
[BlackElo "2246"]
[PlyCount "121"]
[EventDate "2003.??.??"]

1. Nf3 Nf6 2. g3 g6 3. Bg2 Bg7 4. O-O O-O 5. c4 d6 6. d4 c6 7. Nc3 Bf5 8. Nh4
Be6 9. d5 cxd5 10. cxd5 Bd7 11. h3 Qa5 12. Be3 Rc8 13. Nf3 Na6 14. Nd4 Nc5 15.
Nb3 Nxb3 16. Qxb3 b5 17. a3 Rab8 18. Bd4 Be8 19. Rfc1 Nd7 20. Bxg7 Kxg7 21. Na2
Qb6 22. Rc2 Rxc2 23. Qxc2 a5 24. Rc1 b4 25. axb4 axb4 26. Qc7 b3 27. Qxb6 Rxb6
28. Nc3 Nc5 29. Ra1 Ra6 30. Rxa6 Nxa6 31. e3 Nc5 32. Bf1 Bd7 33. f4 Kf8 34. Kf2
Ke8 35. g4 Kd8 36. Kf3 Kc7 37. e4 f6 38. Ke3 Bc8 39. Be2 g5 40. fxg5 fxg5 41.
Kd4 Kb6 42. e5 Bd7 43. exd6 exd6 44. Kc4 Be8 45. Kb4 Bg6 46. Bc4 Bc2 47. Nb5
Ne4 48. Nd4 Nf2 49. Bf1 Nd1 50. Nxb3 Nxb2 51. Nd2 Nd1 52. Kc4 Ne3+ 53. Kd4 Nxf1
54. Nxf1 Kc7 55. Nd2 Kd7 56. Kc3 Bg6 57. Nf3 h6 58. Kd4 Bh7 59. Ke3 Bg6 60. h4
gxh4 61. Nxh4 1-0

[Event "AUT chT"]
[Site "2. Bundesliga Mitte 2003/04"]
[Date "2004.02.01"]
[Round "7"]
[White "Buhmann, Rainer"]
[Black "Pilaj, Herwig"]
[Result "1-0"]
[WhiteElo "2527"]
[BlackElo "2343"]
[PlyCount "67"]
[EventDate "2003.??.??"]

1. Nf3 d5 2. d4 Nf6 3. c4 c6 4. e3 a6 5. Nc3 b5 6. cxd5 cxd5 7. Ne5 e6 8. Be2
Bd6 9. O-O O-O 10. Bd2 Nbd7 11. Nd3 Qe7 12. b4 Nb6 13. a4 Bd7 14. Nc5 Nc4 15.
f4 Bxc5 16. dxc5 Nb2 17. Qc2 Nxa4 18. c6 Nxc3 19. Bxc3 d4 20. Bxd4 Rfc8 21.
Bxf6 gxf6 22. Bf3 Qxb4 23. Rfd1 Be8 24. c7 Ra7 25. Rd8 Raxc7 26. Rxe8+ Kg7 27.
Rxc8 Rxc2 28. Rxc2 a5 29. Kf2 a4 30. Be2 Qb3 31. Rcc1 b4 32. Rcb1 Qc3 33. Rxa4
b3 34. Ra3 1-0

[Event "AUT chT"]
[Site "2. Bundesliga Mitte 2003/04"]
[Date "2004.02.01"]
[Round "7"]
[White "Dervishi, Erald"]
[Black "Rogic, Davor"]
[Result "1-0"]
[WhiteElo "2495"]
[BlackElo "2461"]
[PlyCount "69"]
[EventDate "2003.??.??"]

1. e4 e5 2. Nf3 Nc6 3. Bb5 a6 4. Ba4 Nf6 5. O-O Be7 6. Re1 b5 7. Bb3 d6 8. c3
O-O 9. h3 Na5 10. Bc2 c5 11. d4 Qc7 12. Nbd2 cxd4 13. cxd4 Nc6 14. Nb3 a5 15.
Be3 a4 16. Nbd2 Bd7 17. Rc1 Qb7 18. a3 Rfe8 19. Qe2 Bd8 20. Bd3 Rb8 21. Rc2
exd4 22. Nxd4 Ne5 23. Bf4 Ba5 24. N4f3 Bc6 25. Bxe5 dxe5 26. Rec1 Rbc8 27. b4
axb3 28. Nxb3 Bb6 29. a4 bxa4 30. Ba6 Bxf2+ 31. Kxf2 Nxe4+ 32. Ke1 Qb6 33. Bxc8
axb3 34. Rxc6 b2 35. Qxe4 1-0

[Event "AUT chT"]
[Site "2. Bundesliga Mitte 2003/04"]
[Date "2004.02.01"]
[Round "7"]
[White "Enzendorfer, Alfred"]
[Black "Freimueller, Peter"]
[Result "1/2-1/2"]
[WhiteElo "2194"]
[BlackElo "2154"]
[PlyCount "94"]
[EventDate "2003.??.??"]

1. Nf3 d5 2. d4 e6 3. c4 Nf6 4. g3 Be7 5. Bg2 O-O 6. Ne5 Nbd7 7. O-O c6 8. f4
Nxe5 9. fxe5 Ne4 10. Nc3 Nxc3 11. bxc3 f6 12. exf6 Rxf6 13. Bf4 Bd6 14. Qd2
Bxf4 15. Rxf4 b6 16. Raf1 Rxf4 17. Qxf4 Qe7 18. Qe5 Bb7 19. cxd5 cxd5 20. Rf3
Re8 21. h4 a6 22. Kh2 b5 23. Bh3 Bc8 24. Re3 Qf6 25. Bg2 Qxe5 26. Rxe5 Bb7 27.
Bh3 Kf7 28. Kg1 Bc8 29. e4 Bb7 30. Kf2 dxe4 31. Rc5 Bd5 32. a3 Ke7 33. Ke3 Kd6
34. Bg2 e5 35. a4 Bc6 36. axb5 axb5 37. Rxe5 Rxe5 38. dxe5+ Kxe5 39. Bh3 Bd5
40. Bd7 Bc4 41. Bc6 Bd3 42. Bb7 g6 43. g4 h6 44. Bc6 g5 45. hxg5 hxg5 46. Bb7
Bc2 47. Bc6 Bd3 1/2-1/2

[Event "AUT chT"]
[Site "2. Bundesliga Mitte 2003/04"]
[Date "2004.02.01"]
[Round "7"]
[White "Haba, Petr"]
[Black "Timoscenko, Genadij"]
[Result "1/2-1/2"]
[WhiteElo "2524"]
[BlackElo "2501"]
[PlyCount "59"]
[EventDate "2003.??.??"]

1. e4 e5 2. Nf3 Nc6 3. Bb5 a6 4. Ba4 Nf6 5. O-O Be7 6. Re1 b5 7. Bb3 d6 8. c3
O-O 9. h3 Na5 10. Bc2 c5 11. d4 Qc7 12. Nbd2 cxd4 13. cxd4 Nc6 14. Nb3 a5 15.
Be3 a4 16. Nbd2 Bd7 17. Rc1 Qb7 18. a3 Rfe8 19. Bd3 Bd8 20. dxe5 Nxe5 21. Nxe5
dxe5 22. Qe2 Bb6 23. Rc2 Bxe3 24. Qxe3 Rac8 25. Rec1 Rxc2 26. Rxc2 Nh5 27. Bf1
Nf4 28. b3 axb3 29. Nxb3 Ne6 30. Rc1 1/2-1/2

[Event "AUT chT"]
[Site "2. Bundesliga Mitte 2003/04"]
[Date "2004.02.01"]
[Round "7"]
[White "Hebesberger, Thomas"]
[Black "Benda, Herbert"]
[Result "1-0"]
[WhiteElo "2322"]
[BlackElo "2260"]
[PlyCount "83"]
[EventDate "2003.??.??"]

1. c4 e6 2. g3 d5 3. Bg2 Nf6 4. Nf3 c5 5. O-O Be7 6. cxd5 Nxd5 7. d4 O-O 8. e4
Nf6 9. Nc3 cxd4 10. Nxd4 Qa5 11. Qe2 Nc6 12. Nb3 Qc7 13. Be3 a6 14. Rfc1 Nd7
15. Nd5 Qd8 16. Nxe7+ Qxe7 17. Nd4 Nxd4 18. Bxd4 e5 19. Be3 Re8 20. Rc7 Qe6 21.
Qc4 b5 22. Qc2 Nf8 23. Rc1 h6 24. Rd1 Qg6 25. Rc6 Qh5 26. f3 Be6 27. Rdd6 a5
28. Qf2 f6 29. Bf1 Bxa2 30. Bxb5 Red8 31. b4 Bb3 32. Rxd8 Rxd8 33. bxa5 Rd1+
34. Bf1 Qf7 35. Rc1 Rxc1 36. Bxc1 Ne6 37. Be3 Qd7 38. Qb2 Qd1 39. Kf2 Nd4 40.
Bxd4 exd4 41. Be2 Qh1 42. Qxb3+ 1-0

[Event "AUT chT"]
[Site "2. Bundesliga Mitte 2003/04"]
[Date "2004.02.01"]
[Round "7"]
[White "Hiermann, Dietmar"]
[Black "Tober, Gerhard"]
[Result "1/2-1/2"]
[WhiteElo "2286"]
[BlackElo "2278"]
[PlyCount "45"]
[EventDate "2003.??.??"]

1. e4 c5 2. Nf3 Nc6 3. Bb5 g6 4. Bxc6 dxc6 5. d3 Bg7 6. h3 Nf6 7. Nc3 O-O 8.
Be3 b6 9. Qd2 Ne8 10. Bh6 f6 11. O-O-O e5 12. Nh2 Rf7 13. Bxg7 Nxg7 14. f4 exf4
15. Qxf4 Ne6 16. Qh4 Nd4 17. Rd2 b5 18. Rf1 Be6 19. Rdf2 Qd6 20. Ng4 Bxg4 21.
Qxg4 Raf8 22. Nd1 f5 23. exf5 1/2-1/2

[Event "AUT chT"]
[Site "2. Bundesliga Mitte 2003/04"]
[Date "2004.02.01"]
[Round "7"]
[White "Horvath, Csaba"]
[Black "Pavasovic, Dusko"]
[Result "1/2-1/2"]
[WhiteElo "2513"]
[BlackElo "2596"]
[PlyCount "35"]
[EventDate "2003.??.??"]

1. d4 d5 2. c4 e6 3. Nf3 c6 4. Qb3 Nf6 5. Nc3 dxc4 6. Qxc4 b5 7. Qd3 Nbd7 8. g3
Bb7 9. Bg2 a6 10. a4 b4 11. Ne4 c5 12. Nxf6+ Nxf6 13. Bg5 Be7 14. O-O O-O 15.
Bxf6 Bxf6 16. Ng5 Bxg5 17. Bxb7 Ra7 18. Bxa6 1/2-1/2

[Event "AUT chT"]
[Site "2. Bundesliga Mitte 2003/04"]
[Date "2004.02.01"]
[Round "7"]
[White "Horvath, Peter"]
[Black "Mazi, Leon"]
[Result "1-0"]
[WhiteElo "2463"]
[BlackElo "2402"]
[PlyCount "76"]
[EventDate "2003.??.??"]

1. e4 c5 2. Nf3 Nc6 3. d4 cxd4 4. Nxd4 Nf6 5. Nc3 e5 6. Ndb5 d6 7. Bg5 a6 8.
Na3 b5 9. Bxf6 gxf6 10. Nd5 Bg7 11. Bd3 Ne7 12. Nxe7 Qxe7 13. O-O O-O 14. c4 f5
15. Qf3 d5 16. cxd5 fxe4 17. Bxe4 Rb8 18. Rfd1 Qd7 19. Rac1 f5 20. Bb1 e4 21.
Qb3 Qf7 22. Nc4 Bd7 23. Na5 Qf6 24. Nc6 Rbe8 25. d6+ Kh8 26. Ne7 Rd8 27. Rc3
Be6 28. Qc2 Bc4 29. g4 fxg4 30. Qxe4 Qxf2+ 31. Kh1 Qh4 32. Rc2 Qh5 33. Rcd2 g3
34. Nf5 Rde8 35. Nxg7 Kxg7 36. Qd4+ Kf7 37. Rg2 Qf3 38. b3 Re2 1-0

[Event "AUT chT"]
[Site "2. Bundesliga Mitte 2003/04"]
[Date "2004.02.01"]
[Round "7"]
[White "Jochinger, Ferdinand"]
[Black "Dietmayer Kraeutler, Marco"]
[Result "0-1"]
[WhiteElo "2138"]
[BlackElo "2137"]
[PlyCount "120"]
[EventDate "2003.??.??"]

1. e4 d5 2. exd5 Qxd5 3. Nc3 Qa5 4. d4 c6 5. Nf3 Nf6 6. Be2 Bf5 7. O-O e6 8.
Ne5 Nbd7 9. Nc4 Qc7 10. g3 Nb6 11. Bf4 Qd8 12. b3 Bb4 13. Nb1 Bh3 14. Re1 Nxc4
15. c3 Ba3 16. Nxa3 Nxa3 17. c4 O-O 18. Qc1 Qe7 19. Bf3 Bf5 20. Re2 Rfd8 21.
Qb2 Bd3 22. Re5 Nc2 23. Rd1 Bg6 24. Bc1 Nb4 25. Qa3 Rd7 26. Be2 h6 27. Qa4 Rad8
28. Bb2 Nc2 29. c5 b5 30. Qa6 Nb4 31. Qa5 Nbd5 32. a4 a6 33. Qxa6 Nb4 34. Qa5
Nfd5 35. Rxd5 exd5 36. Bg4 f5 37. axb5 fxg4 38. Qxb4 Qe2 39. Qe1 Qxb5 40. Qe6+
Bf7 41. Qxg4 Qxb3 42. Bc1 Re8 43. Rf1 Be6 44. Qh4 Qf3 45. Qf4 Rf7 46. Qxf3 Rxf3
47. Be3 Bf5 48. Ra1 Bh3 49. Kh1 Kf7 50. Kg1 Kg6 51. Kh1 Kf5 52. Kg1 Re6 53. Kh1
g6 54. Kg1 h5 55. Kh1 Rfxe3 56. fxe3 Ke4 57. Rg1 Kxe3 58. g4 Bxg4 59. h3 Bf3+
60. Kh2 Kxd4 0-1

[Event "AUT chT"]
[Site "2. Bundesliga Mitte 2003/04"]
[Date "2004.02.01"]
[Round "7"]
[White "Kaspret, Guido"]
[Black "Nickl, Klaus"]
[Result "1-0"]
[WhiteElo "2287"]
[BlackElo "2200"]
[PlyCount "115"]
[EventDate "2003.??.??"]

1. c4 Nf6 2. Nc3 g6 3. e4 d6 4. d4 Bg7 5. Nf3 O-O 6. g3 Bg4 7. Be2 Nc6 8. h3
Bxf3 9. Bxf3 Nd7 10. Be3 e5 11. d5 Nd4 12. Bg2 c5 13. dxc6 bxc6 14. O-O Rb8 15.
b3 c5 16. Qd2 Qa5 17. Kh1 Nf6 18. Rad1 Nh5 19. Nb5 Qxd2 20. Rxd2 a6 21. Nc3 f5
22. exf5 gxf5 23. Nd5 f4 24. gxf4 exf4 25. Bxd4 Bxd4 26. Bf3 Ng7 27. Ne7+ Kh8
28. Nc6 Nf5 29. Nxb8 Rxb8 30. Be4 Rf8 31. Bxf5 Rxf5 32. Rfd1 f3 33. Rxd4 cxd4
34. Rxd4 Re5 35. Kh2 Re2 36. Kg3 Rxa2 37. Rxd6 a5 38. Rb6 Kg7 39. Kxf3 a4 40.
bxa4 Rxa4 41. Rc6 Ra3+ 42. Kg4 h5+ 43. Kxh5 Rf3 44. Kg5 Rxf2 45. Rc7+ Kg8 46.
h4 Re2 47. c5 Re5+ 48. Kf6 Rh5 49. Rc8+ Kh7 50. Ke6 Rxh4 51. Rf8 Kg7 52. Rf1
Rc4 53. Kd6 Rc2 54. c6 Kg8 55. Rf5 Kg7 56. c7 Rd2+ 57. Rd5 Rc2 58. Kd7 1-0

[Event "AUT chT"]
[Site "2. Bundesliga Mitte 2003/04"]
[Date "2004.02.01"]
[Round "7"]
[White "Manca, Federico"]
[Black "Ceschia, Ivano"]
[Result "1/2-1/2"]
[WhiteElo "2358"]
[BlackElo "2376"]
[PlyCount "21"]
[EventDate "2003.??.??"]

1. e4 c5 2. Nf3 e6 3. d4 cxd4 4. Nxd4 Nc6 5. Nc3 Qc7 6. Be2 Nf6 7. O-O a6 8.
Be3 Be7 9. f4 d6 10. a4 Na5 11. Qe1 1/2-1/2

[Event "AUT chT"]
[Site "2. Bundesliga Mitte 2003/04"]
[Date "2004.02.01"]
[Round "7"]
[White "Petschar, Kurt"]
[Black "Tratar, Marko"]
[Result "1/2-1/2"]
[WhiteElo "2272"]
[BlackElo "2455"]
[PlyCount "41"]
[EventDate "2003.??.??"]

1. e4 c5 2. Nf3 d6 3. Bb5+ Nd7 4. c3 Ngf6 5. Qe2 a6 6. Ba4 b5 7. Bc2 e5 8. d4
Be7 9. O-O O-O 10. a4 Rb8 11. axb5 axb5 12. Rd1 Qc7 13. Na3 Qb7 14. Bd2 Re8 15.
dxe5 Nxe5 16. Nxe5 dxe5 17. c4 b4 18. Nb5 Qb6 19. Bg5 Bg4 20. f3 Be6 21. Bxf6
1/2-1/2

[Event "AUT chT"]
[Site "2. Bundesliga Mitte 2003/04"]
[Date "2004.02.01"]
[Round "7"]
[White "Ragger, Markus"]
[Black "Genser, Harald"]
[Result "1-0"]
[WhiteElo "2347"]
[BlackElo "2288"]
[PlyCount "75"]
[EventDate "2003.??.??"]

1. e4 c5 2. c3 Nf6 3. e5 Nd5 4. Nf3 Nc6 5. d4 cxd4 6. Bc4 Nb6 7. Bb3 g6 8. Ng5
d5 9. exd6 e6 10. Qf3 Ne5 11. Qe2 Qxd6 12. f4 Nc6 13. f5 gxf5 14. O-O Qe5 15.
Qh5 Qf6 16. Nh3 Qg6 17. Qe2 Bd6 18. Na3 Qg4 19. Qxg4 fxg4 20. Nb5 Bb8 21. Ng5
O-O 22. Ne4 f5 23. Bh6 Rf7 24. Ned6 Bxd6 25. Nxd6 Rf6 26. Nxf5 Bd7 27. Bg5 Rff8
28. Nh6+ Kg7 29. Nxg4 Rxf1+ 30. Rxf1 dxc3 31. Bh6+ Kg8 32. bxc3 Rd8 33. Nf6+
Kh8 34. Nxd7 Nxd7 35. Bxe6 Nc5 36. Bd5 Ne7 37. Bc4 Ng6 38. Bg5 1-0

[Event "AUT chT"]
[Site "2. Bundesliga Mitte 2003/04"]
[Date "2004.02.01"]
[Round "7"]
[White "Renner, Christoph"]
[Black "Konopka, Michal"]
[Result "0-1"]
[WhiteElo "2401"]
[BlackElo "2451"]
[PlyCount "52"]
[EventDate "2003.??.??"]

1. e4 Nf6 2. d3 e5 3. Nf3 Nc6 4. c3 d5 5. Nbd2 a5 6. Be2 Bc5 7. O-O dxe4 8.
dxe4 O-O 9. a3 Qe7 10. Rb1 Bg4 11. b4 axb4 12. axb4 Ba7 13. h3 Bd7 14. Bb2 Nh5
15. b5 Na5 16. Nxe5 Ng3 17. Nxd7 Qxd7 18. Re1 Rad8 19. Bc1 Qd6 20. Ra1 Qb6 21.
Kh2 Qxf2 22. Rxa5 Bb6 23. Ra2 Qf4 24. Nf3 Nf1+ 25. Kh1 Qh2+ 26. Nxh2 Ng3# 0-1

[Event "AUT chT"]
[Site "2. Bundesliga Mitte 2003/04"]
[Date "2004.02.01"]
[Round "7"]
[White "Sandhoefner, Florian"]
[Black "Hellmayr, Alois"]
[Result "0-1"]
[WhiteElo "2233"]
[BlackElo "2284"]
[PlyCount "84"]
[EventDate "2003.??.??"]

1. e4 c5 2. Nf3 e6 3. c4 b6 4. Nc3 Bb7 5. d4 cxd4 6. Nxd4 a6 7. Bd3 Qc7 8. O-O
Nf6 9. Kh1 Nc6 10. Nxc6 Qxc6 11. Qe2 Be7 12. f4 O-O 13. e5 Ne8 14. b3 d5 15.
Qc2 g6 16. cxd5 exd5 17. Bb2 Rc8 18. Qe2 b5 19. f5 Rc7 20. Rac1 Bg5 21. Rc2 Qb6
22. f6 d4 23. Nd1 Rxc2 24. Bxc2 Nc7 25. Qg4 Ne6 26. h4 Qc6 27. Rf2 h5 28. Qh3
Bf4 29. Re2 Re8 30. Be4 Qd7 31. Qf3 Bxe4 32. Qxe4 Bg3 33. Rd2 Qc7 34. Re2 Nf4
35. Rd2 Rxe5 36. Qa8+ Kh7 37. Bxd4 Re1+ 38. Bg1 Qc5 39. Nf2 Bxf2 40. Rd8 Rxg1+
41. Kh2 Rh1+ 42. Kxh1 Qc1+ 0-1

[Event "AUT chT"]
[Site "2. Bundesliga Mitte 2003/04"]
[Date "2004.02.01"]
[Round "7"]
[White "Sandner, Wolfgang"]
[Black "Smole, Albert"]
[Result "1/2-1/2"]
[WhiteElo "2245"]
[BlackElo "2173"]
[PlyCount "110"]
[EventDate "2003.??.??"]

1. e4 e5 2. Bc4 Nf6 3. d3 d6 4. Nf3 Be7 5. O-O O-O 6. c3 Nbd7 7. Re1 c6 8. Bb3
Nc5 9. Bc2 Ne6 10. d4 Nd7 11. Nbd2 Re8 12. Nc4 Qc7 13. a4 a5 14. h4 Bf6 15. Ne3
Nef8 16. h5 h6 17. Ng4 Nh7 18. Bb3 Ndf8 19. Nfh2 Bg5 20. dxe5 dxe5 21. Ne3 Be6
22. Bxe6 Nxe6 23. Nf5 Rad8 24. Qc2 Bxc1 25. Raxc1 Nf4 26. Rcd1 Nxh5 27. Qb3 Nf4
28. Qc4 Nf6 29. Nf3 Ng4 30. Ne3 Nxe3 31. fxe3 Ng6 32. b4 Qb6 33. Kf2 axb4 34.
cxb4 Rxd1 35. Rxd1 Rd8 36. Rxd8+ Qxd8 37. b5 cxb5 38. Qxb5 Qc7 39. Ke2 f6 40.
Nd2 Nf8 41. Nc4 Nd7 42. Qd5+ Kh7 43. a5 Nc5 44. Kf3 Na6 45. Nd6 Nb4 46. Qe6 Nc6
47. Nf5 Nxa5 48. Ne7 Qd8 49. Qf7 Nc6 50. Nf5 Qg8 51. Qxb7 Nd8 52. Qd7 Ne6 53.
Kg3 Ng5 54. Kh2 Qf7 55. Ne7 g6 1/2-1/2

[Event "AUT chT"]
[Site "2. Bundesliga Mitte 2003/04"]
[Date "2004.02.01"]
[Round "7"]
[White "Shapiro, Boris"]
[Black "Seifert, Volker"]
[Result "1/2-1/2"]
[WhiteElo "2454"]
[BlackElo "2278"]
[PlyCount "55"]
[EventDate "2003.??.??"]

1. d4 e6 2. Nf3 Nf6 3. Bg5 c5 4. e3 b6 5. d5 h6 6. Bxf6 Qxf6 7. Nc3 a6 8. a4 d6
9. Nd2 e5 10. Nc4 Qd8 11. Be2 Be7 12. Bg4 Bxg4 13. Qxg4 O-O 14. e4 Nd7 15. O-O
g6 16. Ra3 Kh7 17. Rb3 Rb8 18. Qe2 Qc7 19. Na3 Ra8 20. Nd1 Bg5 21. g3 h5 22.
Kg2 Bh6 23. Rf3 Qb7 24. c4 Kg7 25. Rd3 Rae8 26. Nc3 Nf6 27. Nc2 Qc7 28. b3
1/2-1/2

[Event "AUT chT"]
[Site "2. Bundesliga Mitte 2003/04"]
[Date "2004.02.01"]
[Round "7"]
[White "Stadler, Peter"]
[Black "Testor, Sebastian"]
[Result "1/2-1/2"]
[WhiteElo "2180"]
[BlackElo "2156"]
[PlyCount "54"]
[EventDate "2003.??.??"]

1. d4 e6 2. g3 c5 3. Nf3 b5 4. Bg2 Bb7 5. O-O Nf6 6. c3 Na6 7. a4 b4 8. dxc5
Bxc5 9. cxb4 Nxb4 10. Nc3 Nbd5 11. Bd2 Rb8 12. Nxd5 Bxd5 13. Bc3 O-O 14. Ng5
Bxg2 15. Kxg2 Nd5 16. Ne4 Nxc3 17. bxc3 Qc7 18. Qd3 h6 19. Rab1 Qc6 20. Kg1 d5
21. Nxc5 Qxc5 22. Rb5 Rxb5 23. axb5 Rb8 24. Ra1 Qxb5 25. Qxb5 Rxb5 26. Rxa7 Rc5
27. Ra3 f5 1/2-1/2